000 01487cam a2200361 a 4500
001 4023698
003 GBCCL
005 20241126110418.0
008 970225s1997 ilua b 001 0 eng
010 _a 97147270
020 _a0802490166
040 _aDLC
_cDLC
_dDLC
050 0 0 _aBV652.1
_b.G37 1997
082 0 0 _a253
_221
_bGAN
100 1 _aGangel, Kenneth O.
_93296
245 1 0 _aTeam leadership in Christian ministry :
_busing multiple gifts to build a unified vision /
_cKenneth O. Gangel.
250 _aRev. ed.
260 _aChicago :
_bMoody Press,
_cc1997.
300 _a480 p. :
_bill. ;
_c24 cm.
500 _aRev. ed. of: Building leaders for church education. 1981.
504 _aIncludes bibliographical references (p. 467-474) and index.
650 0 _aChristian leadership.
_91568
650 0 _aGroup ministry.
_94373
650 0 _aChurch management.
_92876
650 0 _aChristian education.
_93220
700 1 _aGangel, Kenneth O.
_tBuilding leaders for church education.
_94374
856 4 2 _3Publisher description
_uhttp://www.loc.gov/catdir/enhancements/fy0609/97147270-d.html
856 4 2 _3Contributor biographical information
_uhttp://www.loc.gov/catdir/enhancements/fy1211/97147270-b.html
856 4 1 _3Table of contents only
_uhttp://www.loc.gov/catdir/enhancements/fy1211/97147270-t.html
906 _a7
_bcbc
_corignew
_d2
_encip
_f19
_gy-gencatlg
942 _2ddc
_cBK
_04
999 _c2127
_d2127